000 00415nam a2200181Ia 4500
003 OSt
005 20230607143749.0
008 210423s1995 xx 000 0 und d
040 _cAL
041 _aeng
082 _a362.1
_223
_bMANE
100 _aMANI (K S).
_9121564
245 _aEpilepsy.
260 _aKottayam
_bMalayala Manorama Press
_c1995
365 _cINR
906 _aEpilepsy.
942 _2ddc
_cBK
999 _c175054
_d175054